000 00557nam a22001937a 4500
005 20251108164314.0
008 250721s1988 xx 000 0 ara d
082 1 4 _a417.56/تنب
100 1 _aبن تنباك، مرزوق بن صنيتان
245 1 0 _aالفصحى و نظرية الفكر العامي /
250 _aط2
264 1 _aالرياض :
_bالمؤلف،
_c1988.
300 _a267ص
650 1 7 _aاللغة العربية
650 1 7 _aاللهجات
650 1 7 _aاللغات العامية
942 _2ddc
_cBK
999 _c8870
_d8870